|
|
|
|
| LEADER |
00000cam a2200000 a 4500 |
| 001 |
vtls009521630 |
| 003 |
SK-MaSNL |
| 005 |
20260301171314.0 |
| 008 |
240315s2009 xr a g p 000 0 cze |
| 020 |
|
|
|a 9788073351649
|q (brož.)
|
| 040 |
|
|
|a SNK
|b slo
|c SNK
|e AACR2
|
| 041 |
0 |
|
|a cze
|a hrv
|
| 044 |
|
|
|a xr
|c CZ
|
| 072 |
|
7 |
|a 811.163
|x Južnoslovanské jazyky
|2 konspekt
|
| 072 |
|
7 |
|a 37.016
|x Učebné osnovy. Vyučovacie predmety. Učebnice
|2 konspekt
|
| 080 |
|
|
|a 811.163.42
|2 2001
|
| 080 |
|
|
|a (075)
|2 2001
|
| 100 |
1 |
|
|a Jirásková, Hana,
|d 1978-
|4 aut
|9 121874
|
| 245 |
1 |
0 |
|a Chorvatština nejen pro samouky
|c Hana Jirásková
|
| 246 |
3 |
0 |
|a Chorvatština pro samouky
|
| 246 |
3 |
0 |
|a Chorvatština
|
| 250 |
|
|
|a 1. vyd.
|
| 260 |
|
|
|a Voznice
|b Leda
|c 2009
|
| 300 |
|
|
|a 456 s.
|b ilustr.
|c 21 cm
|e 2 CD + Klíč, slovník (160 s.)
|
| 650 |
0 |
7 |
|a chorvátčina
|2 SNKPH
|9 1342
|
| 650 |
0 |
7 |
|a Croatian language
|2 SNKPHeng
|9 332865
|
| 655 |
|
7 |
|a učebnice pre samoukov
|2 SNKPH
|9 276451
|
| 655 |
|
7 |
|a Textbooks
|2 SNKPHeng
|9 276731
|
| 919 |
|
|
|a 978-80-7335-164-9
|
| 999 |
|
|
|c 830439
|d 832369
|
| 952 |
|
|
|t snkCHO 811.16/príl.1
|a SNKMST
|b SNKMST
|y PREZ
|7 0
|p 17A0641649
|o snkIC 138301/príl.1
|i snk2010/822
|8 4
|3 Príloha: 1 audio CD
|z Príloha
|0 0
|1 0
|4 0
|d 2009-11-25
|l 0
|r 2025-08-12 00:00:00
|w 2026-02-24
|
| 952 |
|
|
|t snkCHO 811.16/príl.2
|a SNKMST
|b SNKMST
|y PREZ
|7 0
|p 17A0641111
|o snkIC 138301/príl.2
|i snk2010/822
|8 4
|3 Príloha: 1 audio CD
|z Príloha
|0 0
|1 0
|4 0
|d 2009-11-25
|l 0
|r 2025-08-12 00:00:00
|w 2026-02-24
|
| 952 |
|
|
|t snkCHO 808.62/príl.3
|a SNKUST
|b SNKUST
|y PREZ
|7 0
|p 17A0641648
|o snkIC 138301/príl.3
|i snk2010/822
|8 4
|3 Príloha: kľúč a slovník (160 s.)
|z Príloha
|0 0
|1 0
|4 0
|d 2009-11-25
|l 0
|r 2025-05-29 00:00:00
|w 2026-02-24
|
| 952 |
|
|
|t snkCHO 808.62
|a SNKUST
|b SNKUST
|y PREZ
|7 0
|p 17A0641645
|o snkIC 138301
|i snk2010/822
|8 4
|g 23.11
|3 Prílohy: 2 audio CD + Kľúč-slovník
|0 0
|1 0
|4 0
|d 2009-11-25
|l 0
|r 2025-05-28 00:00:00
|w 2026-02-24
|